zpět

Detail výsledku týmu

The PUB Praha 6 PO, Praha

Datum a čas kvízu

26 Celkem bodů Celkový počet nahraných bodů na tomto kvízu bez doplňovacích otázek.
2. Pořadí na kvízu Konečné umístění týmu na tomto kvízu.

Zaznamenané odpovědi

# Otázka Odpověď Body Výsledky
1. Čtvrt roku byli na cestě a ura... D) Velorex 0
2. V rakouském St. Pölten se na t... o losa 1
3. V noci ze středy na čtvrtek by... Jimmy Kimmel 1
4. Finská firma Bluefors uzavřela... na Měsíci 0
5. Švédský atletický fenomén Arma... 630 cm 1
6. Ve spolupráci s Radou Evropy j... 1B 2C 3D 4A 1
7. Co znamená maďarské slovo hétf... pondělí 0
8. Jak se na V jmenuje autonomní... Vojvodina 0
9. Která z těchto knih nebyla nap... B 1
10. Pozoruhodným jazykem je velšti... slunéčko (beruška) 0